History Quiz

Random History or Author Quiz

Languages of Lawrence of Arabia Quiz Stats

Quiz Updated Mar 9, 2016

Challenge
Share
Tweet
Embed
Score 0/8 Timer 01:00
0 Plays Today
Lawrence's Languages % Correct
English
99.3%
French
96.2%
Arabic
93.2%
German
85.3%
Greek
54.2%
Latin
48.3%
Turkish
45.8%
Syriac
18.6%

You're not logged in!

Compare scores with friends on all Sporcle quizzes.
Join for Free
OR
Log In

You Might Also Like...

Show Comments

Extras

Top Quizzes Today


Score Distribution

Your Account Isn't Verified!

In order to create a playlist on Sporcle, you need to verify the email address you used during registration. Go to your Sporcle Settings to finish the process.

Report this User

Report this user for behavior that violates our Community Guidelines.

Details: